Paroles L'aigle Noir - Statistiques

Statistiques générales
  • Ce quiz a été pris 3 400 fois
  • Le résultat moyen est 154 sur 222
Statistiques - réponses
Réponse % Correct
À
99%
a
99%
Un
99%
un
99%
O
98%
je
97%
jour
97%
la
97%
me
97%
noir
97%
nuit
97%
ou
97%
une
97%
beau
96%
de
96%
De
96%
en
96%
aigle
95%
du
94%
le
94%
sur
94%
endormie
93%
peut-être
93%
Près
92%
près
92%
Quand
92%
soudain
92%
d'un
91%
et
91%
lac
91%
m'étais
91%
se
91%
surgit
89%
ciel
88%
Il
87%
il
87%
nulle
85%
part
85%
ma
83%
cou
82%
les
81%
dans
79%
moi
79%
semblant
78%
son
78%
venant
76%
crever
74%
des
74%
yeux
74%
couleur
72%
avait
70%
main
70%
l'oiseau
69%
loiseau
69%
L'oiseau
69%
bec
67%
joue
65%
vis
65%
ailes
64%
rubis
64%
l'ai
63%
touché
63%
bruissement
61%
d'ailes
61%
plumes
61%
poser
61%
au
60%
surgissant
60%
comme
59%
Comme
59%
glissé
59%
que
59%
tournoyer
59%
Dis
57%
dis
57%
passé
57%
alors
56%
vint
56%
C'est
55%
mes
55%
reconnu
55%
bleu
54%
déployées
53%
diamant
53%
Lentement
53%
lentement
53%
revenu
53%
m'était
51%
mille
50%
roi
50%
tombé
50%
couronné
49%
feux
49%
portait
49%
brillant
47%
pays
47%
rêves
47%
d'autrefois
46%
emmène-moi
46%
front
46%
avant
44%
d'enfant
44%
nuage
41%
blanc
40%
pour
38%
étoiles
37%
Retournons
37%
L'aigle
35%
soleil
35%
faire
31%
merveilles
31%
pluie
31%
vol
31%
être
30%
faiseur
28%
était-ce
26%
regagner
26%
allumer
24%
cueillir
24%
prit
24%
tremblant
24%
mon
22%
avec
11%
ne
10%
larme
3%
rien
3%
m'avait
2%
Quatre
2%
seule
2%
chagrin
1%
froid
1%
J'avais
1%
laissée
1%
restait
1%
Aucun quiz correspondant
Distribution des résultats
% des personnes avec chaque résultat
Percentile par nombre de réponses
Votre historique - résultats
Vous n’avez pas pris ce quiz